Countries bordering the European Union - Statistics

General Stats
  • This quiz has been taken 24 times
  • The average score is 18 of 20
Answer Stats
Eu Country/Countries that it borders Answer % Correct
Croatia Bosnia and Herzegovina
100%
Sweden and Finland Norway
100%
Poland, Estonia, Latvia, Lithuania and Finland Russia
100%
France, Austria, Italy and Germany Switzerland
100%
Greece Albania
95%
Romania, Hungary, Bulgaria and Croatia Serbia
95%
Bulgaria and Greece Turkey
95%
Ireland and Spain UK
95%
Romania, Hungary, Poland and Slovakia Ukraine
95%
Spain and France Andorra
90%
Austria Liechtenstein
90%
Bulgaria and Greece North Macedonia
90%
Italy San Marino
90%
Italy Vatican
90%
Poland, Latvia and Lithuania Belarus
86%
France Brazil
86%
Romania Moldova
86%
France Monaco
86%
Croatia Montenegro
81%
France Suriname
81%
No matching quizzes found
Score Distribution
Percent of People with Each Score
Percentile by Number Answered
Your Score History
You have not taken this quiz